<?xml version="1.0" encoding="UTF-8"?>
<record
    xmlns:xsi="http://www.w3.org/2001/XMLSchema-instance"
    xsi:schemaLocation="http://www.loc.gov/MARC21/slim http://www.loc.gov/standards/marcxml/schema/MARC21slim.xsd"
    xmlns="http://www.loc.gov/MARC21/slim">

  <leader>00657nam a22001217a 4500</leader>
  <controlfield tag="008">110909t        ag ||||| |||| 00| 0 spa d</controlfield>
  <datafield tag="100" ind1=" " ind2=" ">
    <subfield code="a">Buschiazzo, H&#xE9;ctor Omar</subfield>
    <subfield code="9">1560</subfield>
  </datafield>
  <datafield tag="245" ind1=" " ind2=" ">
    <subfield code="a">M&#xF3;dulo de Farmacolog&#xED;a</subfield>
    <subfield code="c">H&#xE9;ctor Omar Buschiazzo</subfield>
  </datafield>
  <datafield tag="260" ind1=" " ind2=" ">
    <subfield code="b">Universidad Nacional del Comahue, Facultad de ciencias M&#xE9;dicas</subfield>
    <subfield code="c">2000</subfield>
  </datafield>
  <datafield tag="999" ind1=" " ind2=" ">
    <subfield code="c">947</subfield>
    <subfield code="d">947</subfield>
  </datafield>
  <datafield tag="952" ind1=" " ind2=" ">
    <subfield code="0">0</subfield>
    <subfield code="1">0</subfield>
    <subfield code="2">ddc</subfield>
    <subfield code="4">0</subfield>
    <subfield code="7">0</subfield>
    <subfield code="9">2565</subfield>
    <subfield code="a">BFM</subfield>
    <subfield code="b">BFM</subfield>
    <subfield code="c">CR</subfield>
    <subfield code="d">2011-09-09</subfield>
    <subfield code="l">3</subfield>
    <subfield code="p">TR034</subfield>
    <subfield code="r">2014-11-06</subfield>
    <subfield code="s">2011-09-09</subfield>
    <subfield code="t">Copia</subfield>
    <subfield code="w">2011-09-09</subfield>
    <subfield code="z">Fotocopia</subfield>
  </datafield>
  <datafield tag="952" ind1=" " ind2=" ">
    <subfield code="0">0</subfield>
    <subfield code="1">0</subfield>
    <subfield code="2">ddc</subfield>
    <subfield code="4">0</subfield>
    <subfield code="7">0</subfield>
    <subfield code="9">2566</subfield>
    <subfield code="a">BFM</subfield>
    <subfield code="b">BFM</subfield>
    <subfield code="c">CR</subfield>
    <subfield code="d">2011-09-09</subfield>
    <subfield code="l">0</subfield>
    <subfield code="p">TR035</subfield>
    <subfield code="r">2014-11-06</subfield>
    <subfield code="t">Copia</subfield>
    <subfield code="w">2011-09-09</subfield>
    <subfield code="z">Fotocopia</subfield>
  </datafield>
  <datafield tag="952" ind1=" " ind2=" ">
    <subfield code="0">0</subfield>
    <subfield code="1">0</subfield>
    <subfield code="2">ddc</subfield>
    <subfield code="4">0</subfield>
    <subfield code="7">0</subfield>
    <subfield code="9">2567</subfield>
    <subfield code="a">BFM</subfield>
    <subfield code="b">BFM</subfield>
    <subfield code="c">CR</subfield>
    <subfield code="d">2011-09-09</subfield>
    <subfield code="l">0</subfield>
    <subfield code="p">TR036</subfield>
    <subfield code="r">2014-11-06</subfield>
    <subfield code="t">Copia</subfield>
    <subfield code="w">2011-09-09</subfield>
    <subfield code="z">Fotocopia</subfield>
  </datafield>
</record>
